| 000 | 00324nam a2200109 4500 | ||
|---|---|---|---|
| 005 | 20220418171023.0 | ||
| 008 | 220418b ||||| |||| 00| 0 eng d | ||
| 040 | _cAIMIT LIBRARY | ||
| 245 |
_aJournal of Kanara Chamber of Commerce and Industry _hEnglish |
||
| 260 |
_aMangalore : _bShashidhar Pai Maroor |
||
| 942 |
_2ddc _cPR _s1 |
||
| 999 |
_c222464 _d222464 |
||